00944nam a2200253Ia 4500003000400000005001700004008004100021020001500062040001800077041000800095082002200103100002600125245010500151250001200256260006700268300002600335650003700361650005400398650003300452700002900485942003100514999001900545952012600564OSt20250304142605.0210716s2000 xx 000 0 und d a8173662452 cAIMIT LIBRARY aeng a006.671 21bGOMP aGomez, Paco; 9203762 aProfessional java 2 enterprise edition with bea weblogic server /cBy Paco Gomez and Peter Zadrozny. a1st ed. aMumbai :bShroff Publishers and Distributors Pvt Ltd ,c2000. axi,509p. ;bPBc24 cm aCreating a web front end9203763 aStored procedures mutate to session beans9203764 aJava message service9203765 aZadrozny, Peter.9203766 2ddccBKe1stk006.671 GOMP c184263d184263 001040708MCAaAIMITbAIMITd2021-07-16g300.00l0o006.671 GOMPpMCA03771r2025-07-21 00:00:00v300.00w2021-07-16yBK